[Event "Stay Safe Play From Home 319"]
[Site "Emanuel Lasker Arena"]
[Date "2020.07.21"]
[Round "9"]
[White "SoulofWolf"]
[Black "Buzaglo"]
[Result "1-0"]
[WhiteElo "2155"]
[BlackElo "1864"]
[PlyCount "83"]
[EventDate "2020.07.21"]
[EventType "swiss (blitz)"]

1. e4 {[%emt 0:00:01]} e6 {[%emt 0:00:00]} 2. d4 {[%emt 0:00:01]} d5 {[%emt 0:00:00]} 3. Nc3 {[%emt 0:00:00]} c5 {[%emt 0:00:00]} 4. dxc5 {[%emt 0:00:01]} Bxc5 {[%emt 0:00:01]} 5. exd5 {[%emt 0:00:01]} exd5 {[%emt 0:00:00]} 6. Qxd5 {[%emt 0:00:01]} Qxd5 {[%emt 0:00:01]} 7. Nxd5 {[%emt 0:00:01]} Bd6 {[%emt 0:00:00]} 8. Bf4 {[%emt 0:00:02]} Bxf4 {[%emt 0:00:02]} 9. Nxf4 {[%emt 0:00:00]} Nf6 {[%emt 0:00:00]} 10. O-O-O {[%emt 0:00:01]} O-O {[%emt 0:00:00]} 11. Re1 {[%emt 0:00:00]} Nc6 {[%emt 0:00:02]} 12. Bc4 {[%emt 0:00:01]} Bf5 {[%emt 0:00:01]} 13. Bb3 {[%emt 0:00:01]} a5 {[%emt 0:00:01]} 14. a4 {[%emt 0:00:01]} Nd4 {[%emt 0:00:02]} 15. Nge2 {[%emt 0:00:03]} Nxb3+ {[%emt 0:00:01]} 16. cxb3 {[%emt 0:00:00]} Rac8+ {[%emt 0:00:01]} 17. Kd2 {[%emt 0:00:00]} Rfd8+ {[%emt 0:00:02]} 18. Ke3 {[%emt 0:00:00]} Ng4+ {[%emt 0:00:02]} 19. Kf3 {[%emt 0:00:01]} g5 {[%emt 0:00:04]} 20. h3 {[%emt 0:00:02]} Nf6 {[%emt 0:00:04]} 21. g4 {[%emt 0:00:04]} Be4+ {[%emt 0:00:03]} 22. Kg3 {[%emt 0:00:02]} gxf4+ {[%emt 0:00:01]} 23. Nxf4 {[%emt 0:00:01]} Bg6 {[%emt 0:00:03]} 24. h4 {[%emt 0:00:04]} Bc2 {[%emt 0:00:03]} 25. Re3 {[%emt 0:00:02]} Re8 {[%emt 0:00:02]} 26. Rhe1 {[%emt 0:00:01]} Rxe3+ {[%emt 0:00:00]} 27. Rxe3 {[%emt 0:00:00]} Re8 {[%emt 0:00:01]} 28. Rc3 {[%emt 0:00:01]} Bb1 {[%emt 0:00:02]} 29. f3 {[%emt 0:00:01]} Ba2 {[%emt 0:00:01]} 30. b4 {[%emt 0:00:01]} axb4 {[%emt 0:00:01]} 31. Rc7 {[%emt 0:00:01]} b3 {[%emt 0:00:00]} 32. Rxb7 {[%emt 0:00:01]} Kg7 {[%emt 0:00:03]} 33. a5 {[%emt 0:00:01]} Re1 {[%emt 0:00:04]} 34. a6 {[%emt 0:00:01]} Bb1 {[%emt 0:00:00]} 35. a7 {[%emt 0:00:03]} Re8 {[%emt 0:00:05]} 36. Rb8 {[%emt 0:00:01]} Rxb8 {[%emt 0:00:01]} 37. axb8=Q {[%emt 0:00:01]} Ng8 {[%emt 0:00:01]} 38. Qe5+ {[%emt 0:00:01]} Kf8 {[%emt 0:00:01]} 39. Nd5 {[%emt 0:00:02]} Ne7 {[%emt 0:00:00]} 40. Qxe7+ {[%emt 0:00:01]} Kg7 {[%emt 0:00:00]} 41. Qf6+ {[%emt 0:00:01]} Kg8 {[%emt 0:00:01]} 42. Ne7+ {[%emt 0:00:01] Time (Lag: Av=0.51s, max=1.1s)} 1-0

[Event "Stay Safe Play From Home 319"]
[Site "Emanuel Lasker Arena"]
[Date "2020.07.21"]
[Round "9"]
[White "Fischer_11"]
[Black "Haris kollari 13"]
[Result "1-0"]
[WhiteElo "2024"]
[BlackElo "1724"]
[Annotator "NA"]
[PlyCount "63"]
[EventDate "2020.07.21"]
[EventType "swiss (blitz)"]

1. e4 {[%emt 0:00:02]} e5 {[%emt 0:00:01]} 2. Nc3 {[%emt 0:00:01]} d6 {[%emt 0:00:01]} 3. Bc4 {[%emt 0:00:01]} c5 {[%emt 0:00:01]} 4. d3 {[%emt 0:00:01]} Nc6 {[%emt 0:00:01]} 5. f4 {[%emt 0:00:00]} f6 {[%emt 0:00:02]} 6. Nf3 {[%emt 0:00:00]} Nh6 {[%emt 0:00:03]} 7. O-O {[%emt 0:00:00]} Be7 {[%emt 0:00:03]} 8. fxe5 {[%emt 0:00:00]} Nxe5 {[%emt 0:00:02]} 9. Nxe5 {[%emt 0:00:01]} dxe5 {[%emt 0:00:01]} 10. Qh5+ {[%emt 0:00:01]} Kd7 {[%emt 0:00:05]} 11. Bxh6 {[%emt 0:00:03]} gxh6 {[%emt 0:00:01]} 12. Bb5+ {[%emt 0:00:02]} Kc7 {[%emt 0:00:01]} 13. Nd5+ {[%emt 0:00:01]} Kd6 {[%emt 0:00:02]} 14. Qxh6 {[%emt 0:00:08]} Rf8 {[%emt 0:00:04]} 15. Qxh7 {[%emt 0:00:02]} Be6 {[%emt 0:00:01]} 16. Qxe7+ {[%emt 0:00:05]} Qxe7 {[%emt 0:00:02]} 17. Nxe7 {[%emt 0:00:00]} Kxe7 {[%emt 0:00:01]} 18. Rf2 {[%emt 0:00:02]} a6 {[%emt 0:00:01]} 19. Ba4 {[%emt 0:00:01]} Rac8 {[%emt 0:00:05]} 20. Bb3 {[%emt 0:00:00]} c4 {[%emt 0:00:09]} 21. dxc4 {[%emt 0:00:02]} Bxc4 {[%emt 0:00:01]} 22. Bxc4 {[%emt 0:00:00]} Rxc4 {[%emt 0:00:02]} 23. Re1 {[%emt 0:00:02]} b5 {[%emt 0:00:03]} 24. Rd2 {[%emt 0:00:03]} Rfc8 {[%emt 0:00:01]} 25. Ree2 {[%emt 0:00:02]} Ke6 {[%emt 0:00:01]} 26. Kf2 {[%emt 0:00:00]} b4 {[%emt 0:00:01]} 27. g4 {[%emt 0:00:01]} a5 {[%emt 0:00:01]} 28. h4 {[%emt 0:00:01]} a4 {[%emt 0:00:01]} 29. Ke3 {[%emt 0:00:02]} Rh8 {[%emt 0:00:01]} 30. h5 {[%emt 0:00:01]} Rg8 {[%emt 0:00:02]} 31. Kf3 {[%emt 0:00:01]} Rg5 {[%emt 0:00:01]} 32. Rd3 {[%emt 0:00:02] Time (Lag: Av=0.35s, max=0.5s)} 1-0

[Event "Stay Safe Play From Home 319"]
[Site "Emanuel Lasker Arena"]
[Date "2020.07.21"]
[Round "9"]
[White "Cirovicz"]
[Black "NTBT_DHS"]
[Result "0-1"]
[WhiteElo "1960"]
[BlackElo "2534"]
[Annotator "TA"]
[PlyCount "36"]
[EventDate "2020.07.21"]
[EventType "swiss (blitz)"]

{[%evp 9,35,-43,53,-85,-89,-75,0,-64,-60,-72,-56,-86,-24,-159,-147,-144,-135,-817,-803,-3286,-2976,-2665,-2143,-29993,-29994,-29997,-29998,-29999]} 1. e4 g6 2. e5 Bg7 3. d4 d6 4. f4 c5 5. c3 Nc6 (5... cxd4 $15 6. cxd4 (6. Qxd4 Nc6 $17) 6... dxe5 7. fxe5 Nh6) 6. Nf3 {B06: Modern Defence.} (6. d5 $14 {keeps the upper hand.}) 6... cxd4 $17 7. cxd4 {[#]} Nh6 $146 (7... dxe5 $17 8. dxe5 (8. fxe5 Bg4 $15) 8... Qxd1+ 9. Kxd1 Nh6) ({Predecessor:} 7... Bg4 8. Be3 Nh6 9. h3 Nf5 10. hxg4 Nxe3 11. Qa4 Nxf1 12. Kxf1 e6 13. Nc3 a6 {1-0 (30) Taranin,K (1976)-Morais,M (1744) Lisbon 2019}) 8. Bb5 (8. d5 $11 Nb8 9. Nc3) 8... O-O $15 9. Bxc6 bxc6 10. O-O c5 ({Black should play} 10... Bg4 $17 {next ...Nf5 is good for Black.} 11. Nc3 Nf5) 11. exd6 (11. dxc5 $11 dxc5 12. Be3) 11... cxd4 $17 12. dxe7 Qxe7 13. Nxd4 $2 {[%mdl 8192] This move loses the game for White.} (13. Ne5 $17) 13... Rd8 $19 14. Qa4 Bxd4+ 15. Kh1 {[#]} Bb7 $1 {( -> ...Qe2!)} 16. Nc3 Ng4 {Black mates.} 17. Bd2 {[#]} Qh4 $1 {[%csl Gg4][%cal Rh4h2]} 18. h3 Qxh3# {Accuracy: White = 31%, Black = 74%.} 0-1

[Event "Stay Safe Play From Home 319"]
[Site "Emanuel Lasker Arena"]
[Date "2020.07.21"]
[Round "9"]
[White "Trotsky"]
[Black "Mamba2001de"]
[Result "1-0"]
[WhiteElo "1623"]
[BlackElo "1503"]
[Annotator "NA"]
[PlyCount "71"]
[EventDate "2020.07.21"]
[EventType "swiss (blitz)"]

1. d4 {[%emt 0:00:01]} e6 {[%emt 0:00:01]} 2. e3 {[%emt 0:00:00]} d5 {[%emt 0:00:01]} 3. c4 {[%emt 0:00:01]} Nf6 {[%emt 0:00:01]} 4. Nc3 {[%emt 0:00:00]} Be7 {[%emt 0:00:01]} 5. Nf3 {[%emt 0:00:01]} O-O {[%emt 0:00:01]} 6. Qc2 {[%emt 0:00:00]} dxc4 {[%emt 0:00:01]} 7. Bxc4 {[%emt 0:00:01]} Nbd7 {[%emt 0:00:00]} 8. h4 {[%emt 0:00:02]} Nb6 {[%emt 0:00:00]} 9. Bd3 {[%emt 0:00:01]} c5 {[%emt 0:00:01]} 10. Ng5 {[%emt 0:00:02]} h6 {[%emt 0:00:03]} 11. Bd2 {[%emt 0:00:02]} cxd4 {[%emt 0:00:01]} 12. exd4 {[%emt 0:00:01]} Nbd5 {[%emt 0:00:01]} 13. a3 {[%emt 0:00:03]} Bd7 {[%emt 0:00:02]} 14. O-O-O {[%emt 0:00:02]} Rc8 {[%emt 0:00:01]} 15. Kb1 {[%emt 0:00:01]} Nxc3+ {[%emt 0:00:01]} 16. Bxc3 {[%emt 0:00:01]} Nd5 {[%emt 0:00:01]} 17. Bh7+ {[%emt 0:00:01]} Kh8 {[%emt 0:00:02]} 18. Bg8 {[%emt 0:00:01]} Nxc3+ {[%emt 0:00:04]} 19. Ka1 {[%emt 0:00:02]} f5 {[%emt 0:00:01]} 20. bxc3 {[%emt 0:00:03]} Rxg8 {[%emt 0:00:02]} 21. Nf7+ {[%emt 0:00:01]} Kh7 {[%emt 0:00:02]} 22. Nxd8 {[%emt 0:00:01]} Rgxd8 {[%emt 0:00:02]} 23. g4 {[%emt 0:00:01]} Bc6 {[%emt 0:00:03]} 24. gxf5 {[%emt 0:00:04]} Bxh1 {[%emt 0:00:02]} 25. f6+ {[%emt 0:00:01]} Kg8 {[%emt 0:00:02]} 26. fxe7 {[%emt 0:00:01]} Re8 {[%emt 0:00:01]} 27. Rxh1 {[%emt 0:00:02]} Rxe7 {[%emt 0:00:02]} 28. Qg6 {[%emt 0:00:02]} Rec7 {[%emt 0:00:01]} 29. Rg1 {[%emt 0:00:03]} Kf8 {[%emt 0:00:04]} 30. Qxe6 {[%emt 0:00:02]} Rxc3 {[%emt 0:00:05]} 31. Rg6 {[%emt 0:00:02]} Rxa3+ {[%emt 0:00:03]} 32. Kb2 {[%emt 0:00:01]} Rac3 {[%emt 0:00:01]} 33. Qd6+ {[%emt 0:00:02]} Kg8 {[%emt 0:00:03]} 34. Rg3 {[%emt 0:00:04]} Rc2+ {[%emt 0:00:02]} 35. Kb3 {[%emt 0:00:01]} R2c6 {[%emt 0:00:03]} 36. Qd5+ {[%emt 0:00:02] Zeit (Lag: Av=0.34s, max=0.9s)} 1-0

[Event "Stay Safe Play From Home 319"]
[Site "Emanuel Lasker Arena"]
[Date "2020.07.21"]
[Round "9"]
[White "Meini"]
[Black "Lazieri3"]
[Result "0-1"]
[WhiteElo "1593"]
[BlackElo "2145"]
[Annotator "NA"]
[PlyCount "122"]
[EventDate "2020.07.21"]
[EventType "swiss (blitz)"]

1. d4 {[%emt 0:00:02]} c6 {[%emt 0:00:00]} 2. Bf4 {[%emt 0:00:01]} d5 {[%emt 0:00:00]} 3. e3 {[%emt 0:00:01]} Bf5 {[%emt 0:00:00]} 4. Nf3 {[%emt 0:00:00]} Nd7 {[%emt 0:00:01]} 5. h3 {[%emt 0:00:00]} Ngf6 {[%emt 0:00:01]} 6. Bd3 {[%emt 0:00:00]} Bxd3 {[%emt 0:00:02]} 7. Qxd3 {[%emt 0:00:00]} e6 {[%emt 0:00:00]} 8. Nbd2 {[%emt 0:00:02]} h6 {[%emt 0:00:00]} 9. O-O {[%emt 0:00:01]} Be7 {[%emt 0:00:00]} 10. c3 {[%emt 0:00:02]} O-O {[%emt 0:00:00]} 11. e4 {[%emt 0:00:01]} dxe4 {[%emt 0:00:01]} 12. Nxe4 {[%emt 0:00:01]} Nxe4 {[%emt 0:00:00]} 13. Qxe4 {[%emt 0:00:01]} Nf6 {[%emt 0:00:00]} 14. Qe2 {[%emt 0:00:01]} Bd6 {[%emt 0:00:00]} 15. Bxd6 {[%emt 0:00:02]} Qxd6 {[%emt 0:00:00]} 16. Ne5 {[%emt 0:00:00]} Nd7 {[%emt 0:00:01]} 17. Rae1 {[%emt 0:00:03]} Nxe5 {[%emt 0:00:01]} 18. Qxe5 {[%emt 0:00:01]} Qxe5 {[%emt 0:00:01]} 19. Rxe5 {[%emt 0:00:00]} Rfd8 {[%emt 0:00:01]} 20. f4 {[%emt 0:00:00]} b6 {[%emt 0:00:01]} 21. Rfe1 {[%emt 0:00:00]} Rd5 {[%emt 0:00:01]} 22. f5 {[%emt 0:00:01]} Rxe5 {[%emt 0:00:01]} 23. Rxe5 {[%emt 0:00:03]} exf5 {[%emt 0:00:00]} 24. Rxf5 {[%emt 0:00:01]} Re8 {[%emt 0:00:02]} 25. Kf2 {[%emt 0:00:00]} f6 {[%emt 0:00:02]} 26. Rf3 {[%emt 0:00:00]} Kf7 {[%emt 0:00:01]} 27. Re3 {[%emt 0:00:00]} Rd8 {[%emt 0:00:00]} 28. Kf3 {[%emt 0:00:01]} Rd5 {[%emt 0:00:01]} 29. Kf4 {[%emt 0:00:01]} g5+ {[%emt 0:00:01]} 30. Kf3 {[%emt 0:00:02]} h5 {[%emt 0:00:00]} 31. g4 {[%emt 0:00:01]} hxg4+ {[%emt 0:00:01]} 32. hxg4 {[%emt 0:00:01]} c5 {[%emt 0:00:01]} 33. Ke4 {[%emt 0:00:02]} Rd7 {[%emt 0:00:02]} 34. Kd3 {[%emt 0:00:01]} cxd4 {[%emt 0:00:01]} 35. cxd4 {[%emt 0:00:01]} Kg6 {[%emt 0:00:01]} 36. Rf3 {[%emt 0:00:01]} Rd5 {[%emt 0:00:02]} 37. b3 {[%emt 0:00:01]} Ra5 {[%emt 0:00:01]} 38. a4 {[%emt 0:00:02]} Rd5 {[%emt 0:00:02]} 39. Kc4 {[%emt 0:00:01]} Rd8 {[%emt 0:00:01]} 40. d5 {[%emt 0:00:00]} Kf7 {[%emt 0:00:01]} 41. Kd4 {[%emt 0:00:01]} Ke7 {[%emt 0:00:01]} 42. Re3+ {[%emt 0:00:01]} Kf7 {[%emt 0:00:00]} 43. Re6 {[%emt 0:00:01]} Rc8 {[%emt 0:00:02]} 44. Rc6 {[%emt 0:00:01]} Rh8 {[%emt 0:00:03]} 45. Rc7+ {[%emt 0:00:04]} Kg6 {[%emt 0:00:00]} 46. Rxa7 {[%emt 0:00:01]} Rh4 {[%emt 0:00:01]} 47. Rb7 {[%emt 0:00:02]} Rxg4+ {[%emt 0:00:01]} 48. Kc3 {[%emt 0:00:00]} Rg3+ {[%emt 0:00:02]} 49. Kc4 {[%emt 0:00:02]} Rg4+ {[%emt 0:00:01]} 50. Kb5 {[%emt 0:00:01]} Rd4 {[%emt 0:00:00]} 51. Rxb6 {[%emt 0:00:00]} Rxd5+ {[%emt 0:00:01]} 52. Kb4 {[%emt 0:00:01]} g4 {[%emt 0:00:01]} 53. a5 {[%emt 0:00:00]} g3 {[%emt 0:00:01]} 54. a6 {[%emt 0:00:00]} g2 {[%emt 0:00:01]} 55. a7 {[%emt 0:00:01]} g1=Q {[%emt 0:00:01]} 56. Rb8 {[%emt 0:00:00]} Qxa7 {[%emt 0:00:01]} 57. Rb5 {[%emt 0:00:02]} Rxb5+ {[%emt 0:00:01]} 58. Kxb5 {[%emt 0:00:00]} f5 {[%emt 0:00:00]} 59. Kc4 {[%emt 0:00:01]} f4 {[%emt 0:00:00]} 60. Kd3 {[%emt 0:00:00]} f3 {[%emt 0:00:01]} 61. Kd2 {[%emt 0:00:01]} Qf2+ {[%emt 0:00:02] Zeit (Lag: Av=0.58s, max=1.1s)} 0-1

[Event "Stay Safe Play From Home 319"]
[Site "Emanuel Lasker Arena"]
[Date "2020.07.21"]
[Round "9"]
[White "Mandy"]
[Black "Oznog"]
[Result "0-1"]
[WhiteElo "882"]
[BlackElo "1783"]
[Annotator "NA"]
[PlyCount "38"]
[EventDate "2020.07.21"]
[EventType "swiss (blitz)"]

1. d4 {[%emt 0:00:03]} c5 {[%emt 0:00:01]} 2. c3 {[%emt 0:00:03]} cxd4 {[%emt 0:00:01]} 3. Qxd4 {[%emt 0:00:04]} Nc6 {[%emt 0:00:01]} 4. Qd1 {[%emt 0:00:01]} Nf6 {[%emt 0:00:01]} 5. Nd2 {[%emt 0:00:00]} g6 {[%emt 0:00:00]} 6. Ngf3 {[%emt 0:00:03]} Bg7 {[%emt 0:00:00]} 7. h3 {[%emt 0:00:00]} Kf8 {[%emt 0:00:01]} 8. b3 {[%emt 0:00:07]} e6 {[%emt 0:00:00]} 9. Nc4 {[%emt 0:00:06]} d5 {[%emt 0:00:01]} 10. Ncd2 {[%emt 0:00:03]} e5 {[%emt 0:00:01]} 11. c4 {[%emt 0:00:01]} d4 {[%emt 0:00:01]} 12. e3 {[%emt 0:00:02]} e4 {[%emt 0:00:01]} 13. Ng5 {[%emt 0:00:03]} Bf5 {[%emt 0:00:03]} 14. f4 {[%emt 0:00:04]} d3 {[%emt 0:00:02]} 15. Ba3+ {[%emt 0:00:05]} Kg8 {[%emt 0:00:02]} 16. g4 {[%emt 0:00:04]} Be6 {[%emt 0:00:08]} 17. Bg2 {[%emt 0:00:03]} Nxg4 {[%emt 0:00:05]} 18. Bxe4 {[%emt 0:00:01]} Nxe3 {[%emt 0:00:02]} 19. Qf3 {[%emt 0:00:05]} Nc2+ {[%emt 0:00:04] Zeit (Lag: Av=0.47s, max=0.9s)} 0-1